| 000 | 00723nam a2200241Ia 4500 | ||
|---|---|---|---|
| 003 | OSt | ||
| 005 | 20220926013857.0 | ||
| 006 | a|||||r|||| 00| 0 | ||
| 007 | ta | ||
| 008 | 220923b |||||||| |||| 00| 0 eng d | ||
| 037 | _cGeneral Book | ||
| 040 |
_aRTL _cRTL _beng |
||
| 041 |
_2eng _aeng |
||
| 082 | _aX:8:(B2893), L5 | ||
| 100 |
_aWeinberg Gerald M. _9319188 |
||
| 245 | 0 | _aIntroduction to general systems thinking | |
| 260 |
_aNew York _bJohn Wiley U. S. A. _c1975 |
||
| 300 |
_axxi, 279p. Appendix p.269-70 _ccm. |
||
| 490 | _aSystems Engineering and Analysis | ||
| 650 | _aOperational Management | ||
| 942 |
_hX:8:(B2893), L5 _cGB _2CC |
||
| 999 |
_c627075 _d627075 |
||